000 00706nam a2200289Ia 4500
005 20260401122255.0
008 008 250103s9999 xx 000 0 eng d
020 _a0-8230-0260-8
037 _aTB
040 _aEDL
040 _beng
040 _cEDL
041 _2eng
041 _aeng
084 _a704.04 VAI RR
084 _qEDL
100 _aRussell, John In.
_91233097
245 0 _aArt: Critics' Choice-150 Masterpieces of Western Art
245 0 _cRussell, John In.
260 _aNew York
260 _bWatson-Guptill Publications
260 _c1999
942 _cTB
942 _h704.04 VAI RR
999 _c1846120
_d1846120